000 01708nam0a2200361 4500
001 RU\NLR\BIBL_A\022084938
005 20231213104115.0
010 _a978-5-6040169-1-6
_91000
021 _aRU
_bКН-П-23-066175
_9КН-П-23-6738
035 _a(NLR Aleph) 022084938
035 _a(RuMoRGB)012233484
090 _a12699882
_c12699882
100 _a20231130d2018 u y0rusy50 ca
101 0 _arus
102 _aRU
105 _aa|||j|||000yy
181 0 _ai
_baxxe
182 0 _an
200 1 _aМиокардиты
_e(учебное пособие для врачей, ординаторов, студентов)
_fА. В. Ушаков, Т. А. Кожанова, И. Я. Горянская [и др.]
_gМинистерство образования Российской Федерации, Медицинская академия имени С. И. Георгиевского, ФГАОУ ВО "Крымский федеральный университет имени В. И. Вернадского"
203 _aТекст
_bвизуальный
_cнепосредственный
210 _aСимферополь
_cАнтиква
_d2018
215 _a105 с.
_cил., табл.
_d20
320 _aБиблиогр.: с. 103-105 (33 назв.)
606 1 _aМиокардит
_jУчебные издания
_9946537
_3RU\NLR\AUTH\6632544
675 _a616.127-002(075.8)
_v4
686 1 _aР410.130.11я7
701 1 _aУшаков
_bА. В.
_gАлексей Витальевич
701 1 _aКожанова
_bТ. А.
701 1 _aГорянская
_bИ. Я.
942 _cBOOK
980 _aNB